|
|
|
|
| LEADER |
00000cam a2200000 7i4500 |
| 001 |
0000002145 |
| 005 |
20021128.0 |
| 020 |
0 |
0 |
|a 0387060952
|
| 090 |
0 |
0 |
|a 574.5264
|b STE 1974
|
| 100 |
1 |
0 |
|a STERN
|h Klaus
|c 1923-
|
| 245 |
1 |
0 |
|a Genetics of forest ecosystems
|c [by] Klaus Stern [and] Laurence Roche
|
| 260 |
0 |
0 |
|a Berlin :
|b Springer-Verlag ,
|c 1974
|
| 300 |
|
|
|a x,330 p. :
|b ill. ;
|c 25 cm.
|
| 440 |
0 |
0 |
|a Ecological studies; 6
|
| 500 |
0 |
0 |
|a Includes bibliography: p. [277]-312 and index
|
| 650 |
0 |
0 |
|a Forest ecology
|
| 650 |
0 |
0 |
|a Forest genetics
|
| 700 |
0 |
1 |
|a Roche
|h Laurence
|
| 998 |
|
|
|a JPSM
|
| 999 |
|
|
|a 0000003651
|b Monograph
|c Open Shelf
|e Default branch
|